000 00853nam a22002297a 4500
999 _c1886
_d1886
003 AR-CdUCM
008 190228b ||||| |||| 00| 0 spa d
040 _aMUNICIPALIDAD PROVINCIAL DEL CUSCO
_cBIBLIOTECA MUNICIPAL DEL CUSCO
041 _heng
082 _a320.973 /
_bC19
100 _aCalhoun, John C.
_96909
245 _aDisquisicion sobre el Gobierno y Selecciones de la Disertación /
260 _aMexico :
_bHerrero hermanos, sucesores,
_c1965.
300 _a111 paginas ;
_c21 cm.
505 _aCronología general del periodo Calhoun -- Bibliografía selecta -- Nota sobre el texto -- Escritos de Calhoun...
650 _aConstitución Política
_96910
650 _aParlamento
_96911
650 _aOrganismo oligárquico
_96912
700 _aGonzáles Aramburu ,Francisco
_96913
942 _2ddc
_cLIBROS
945 _awnts
_d2019-02-28